Normal view
MARC view
- Knowles, L. C. A
Entry Personal Name
001 - CONTROL NUMBER
- control field: 49228
003 - CONTROL NUMBER IDENTIFIER
- control field: NUST
005 - DATE AND TIME OF LATEST TRANSACTION
- control field: 20210314134302.0
008 - FIXED-LENGTH DATA ELEMENTS
- fixed length control field: 210314|| aca||aabn | a|a d
040 ## - CATALOGING SOURCE
- Original cataloging agency: NUST
- Transcribing agency: NUST
100 ## - HEADING--PERSONAL NAME
- Personal name: Knowles, L. C. A
670 ## - SOURCE DATA FOUND
- Source citation: Work cat.: (NUST): Knowles, L. C. A., The economic development of the British overseas empire, 1924-1936.
